Lecturas constitucionales en la España del siglo XIX (Record no. 121166)

MARC details
000 -LEADER
campo de control de longitud fija 00843nam a2200205 i 4500
001 - NÚMERO DE CONTROL
campo de control 121166
003 - IDENTIFICADOR DE NÚMERO DE CONTROL
campo de control ES-MaACL
005 - FECHA Y HORA DE LA ÚLTIMA TRANSACCIÓN
campo de control 20250808230410.0
007 - CAMPO FIJO DE DESCRIPCIÓN FÍSICA--INFORMACIÓN GENERAL
campo de control de longitud fija t|
008 - DATOS DE LONGITUD FIJA--INFORMACIÓN GENERAL
campo de control de longitud fija 070214s1933 sp |||| | spa d
100 1# - ENTRADA PRINCIPAL--NOMBRE DE PERSONA
Nombre de persona Pons y Umbert, Adolfo.
9 (RLIN) 93034
245 10 - MENCIÓN DEL TÍTULO
Título Lecturas constitucionales en la España del siglo XIX
Resto del título : discurso leído en la Academia de Ciencias Exactas, Físicas y Naturales, para conmemorar la Fiesta del Libro el día 23 de abril de 1933 /
Mención de responsabilidad, etc. Adolfo Pons y Umbert.
260 ## - PUBLICACIÓN, DISTRIBUCIÓN, ETC.
Lugar de publicación, distribución, etc. Madrid :
Nombre del editor, distribuidor, etc. [s.n.],
Fecha de publicación, distribución, etc. 1933 (
Fabricante Gráf. Mundial)
300 ## - DESCRIPCIÓN FÍSICA
Extensión 96 p. ;
Dimensiones 25 cm.
650 #4 - PUNTO DE ACCESO ADICIONAL DE MATERIA--TÉRMINO DE MATERIA
Término de materia o nombre geográfico como elemento de entrada Derecho constitucional-
Subdivisión geográfica España
9 (RLIN) 11682
650 ## - PUNTO DE ACCESO ADICIONAL DE MATERIA--TÉRMINO DE MATERIA
Término de materia o nombre geográfico como elemento de entrada Constituciones-
Subdivisión geográfica España.
9 (RLIN) 11292
710 2# - ENTRADA AGREGADA--NOMBRE DE ENTIDAD CORPORATIVA
Nombre de entidad corporativa o nombre de jurisdicción como elemento de entrada Real Academia de Ciencias Exactas, Físicas y Naturales de España.
9 (RLIN) 175635
852 ## - LOCALIZACIÓN
Ubicación ES-MaACL
Número de control de estantería A-1616
Holdings
Estatus retirado Estado de pérdida Estado de daño No para préstamo Biblioteca de origen Biblioteca actual Ubicación en estantería Fecha de adquisición Fuente de adquisición Total de préstamos Signatura topográfica completa Código de barras Visto por última vez Precio de reemplazo Tipo de ítem Koha
        Biblioteca del Ateneo de Madrid Biblioteca del Ateneo de Madrid Sala Pecera Planta 1 17/01/2008     A-1616 1126279 23/02/2023 23/02/2023 Libro impreso